MLB All-Stars - Pitchers - Statistics

General Stats
  • This quiz has been taken 19 times
    16 since last reset
  • The average score is 83 of 162
Answer Stats
Year Pos Team Player % Correct
2025 SP Tigers Tarik Skubal
92%
2024 SP Tigers Tarik Skubal
92%
2024 SP Orioles Corbin Burnes
83%
2023 SP Brewers Corbin Burnes
83%
2022 SP Brewers Corbin Burnes
83%
2021 SP Brewers Corbin Burnes
83%
2025 SP Red Sox Garrett Crochet
83%
2024 SP White Sox Garrett Crochet
83%
2025 SP Astros Hunter Brown
83%
2024 SP Royals Seth Lugo
83%
2023 RP Reds Alexis Diaz
75%
2025 RP Red Sox Aroldis Chapman
75%
2021 RP Yankees Aroldis Chapman
75%
2025 SP Mariners Bryan Woo
75%
2025 SP Braves Chris Sale
75%
2024 SP Braves Chris Sale
75%
2025 RP Mets Edwin Diaz
75%
2022 RP Mets Edwin Diaz
75%
2024 RP Guardians Emmanuel Clase
75%
2023 RP Guardians Emmanuel Clase
75%
2022 RP Guardians Emmanuel Clase
75%
2023 SP Astros Framber Valdez
75%
2022 SP Astros Framber Valdez
75%
2025 SP Rangers Jacob deGrom
75%
2021 SP Mets Jacob deGrom
75%
2022 SP Astros Justin Verlander
75%
2025 SP Giants Logan Webb
75%
2024 SP Giants Logan Webb
75%
2025 SP Yankees Max Fried
75%
2024 SP Braves Max Fried
75%
2022 SP Braves Max Fried
75%
2025 SP Pirates Paul Skenes
75%
2024 SP Pirates Paul Skenes
75%
2025 SP Phillies Zack Wheeler
75%
2024 SP Phillies Zack Wheeler
75%
2021 SP Phillies Zack Wheeler
75%
2025 SP Yankees Carlos Rodon
67%
2022 SP Giants Carlos Rodon
67%
2021 SP White Sox Carlos Rodon
67%
2025 SP Dodgers Clayton Kershaw
67%
2023 SP Dodgers Clayton Kershaw
67%
2022 SP Dodgers Clayton Kershaw
67%
2023 RP Phillies Craig Kimbrel
67%
2021 RP Cubs Craig Kimbrel
67%
2024 SP Phillies Cristopher Sanchez
67%
2023 RP Brewers Devin Williams
67%
2022 RP Brewers Devin Williams
67%
2025 SP Brewers Freddy Peralta
67%
2021 SP Brewers Freddy Peralta
67%
2023 SP Mariners George Kirby
67%
2023 SP Yankees Gerrit Cole
67%
2022 SP Yankees Gerrit Cole
67%
2021 SP Yankees Gerrit Cole
67%
2024 SP Reds Hunter Greene
67%
2025 RP Astros Josh Hader
67%
2023 RP Padres Josh Hader
67%
2022 RP Brewers Josh Hader
67%
2021 RP Brewers Josh Hader
67%
2024 SP Mariners Logan Gilbert
67%
2024 RP Athletics Mason Miller
67%
2023 SP Rangers Nathan Eovaldi
67%
2021 SP Red Sox Nathan Eovaldi
67%
2025 SP Giants Robbie Ray
67%
2021 SP Indians Shane Bieber
67%
2023 SP Braves Spencer Strider
67%
2024 SP Dodgers Tyler Glasnow
67%
2025 SP Dodgers Yoshinobu Yamamoto
67%
2025 SP Angels Yusei Kikuchi
67%
2021 SP Mariners Yusei Kikuchi
67%
2023 SP D-Backs Zac Gallen
67%
2024 SP Royals Cole Ragans
58%
2025 SP Twins Joe Ryan
58%
2022 RP Orioles Jorge Lopez
58%
2023 SP Mariners Luis Castillo
58%
2022 SP Reds Luis Castillo
58%
2021 SP Nationals Max Scherzer
58%
2023 SP Twins Pablo Lopez
58%
2025 RP Giants Randy Rodriguez
58%
2024 SP Braves Reynaldo Lopez
58%
2024 RP Cardinals Ryan Helsley
58%
2022 RP Cardinals Ryan Helsley
58%
2022 SP Marlins Sandy Alcantara
58%
2025 SP White Sox Shane Smith
58%
2023 SP Angels Shohei Ohtani
58%
2022 SP Angels Shohei Ohtani
58%
2021 SP Brewers Brandon Woodruff
50%
2023 SP Nationals Josiah Gray
50%
2023 SP Cubs Justin Steele
50%
2023 RP Red Sox Kenley Jansen
50%
2023 SP Blue Jays Kevin Gausman
50%
2021 SP Giants Kevin Gausman
50%
2024 RP Rangers Kirby Yates
50%
2023 SP Mets Kodai Senga
50%
2025 SP Nationals MacKenzie Gore
50%
2023 SP Cubs Marcus Stroman
50%
2024 SP Phillies Ranger Suarez
50%
2025 RP Padres Robert Suarez
50%
2024 RP Padres Robert Suarez
50%
2024 SP Cubs Shota Imanaga
50%
2023 SP Twins Sonny Gray
50%
2021 SP Padres Yu Darvish
50%
2025 RP Mariners Andres Munoz
42%
2024 RP Mariners Andres Munoz
42%
2025 SP Tigers Casey Mize
42%
2023 RP Orioles Felix Bautista
42%
2025 SP Brewers Jacob Misiorowski
42%
2025 SP Royals Kris Bubic
42%
2024 SP Angels Tyler Anderson
42%
2022 SP Dodgers Tyler Anderson
42%
2021 SP Dodgers Walker Buehler
42%
2022 SP Blue Jays Alek Manoah
33%
2023 RP Pirates David Bednar
33%
2022 RP Pirates David Bednar
33%
2025 SP Mets David Peterson
33%
2021 SP Rockies German Marquez
33%
2025 RP Padres Jason Adam
33%
2022 SP Padres Joe Musgrove
33%
2025 SP Cubs Matthew Boyd
33%
2023 SP Rays Shane McClanahan
33%
2022 SP Rays Shane McClanahan
33%
2024 RP Marlins Tanner Scott
33%
2021 RP Twins Taylor Rogers
33%
2021 SP Marlins Trevor Rogers
33%
2023 SP Giants Alex Cobb
25%
2025 SP Reds Andrew Abbott
25%
2023 RP Giants Camilo Doval
25%
2024 RP Yankees Clay Holmes
25%
2022 RP Yankees Clay Holmes
25%
2025 SP Rays Drew Rasmussen
25%
2024 RP Phillies Jeff Hoffman
25%
2023 RP Blue Jays Jordan Romano
25%
2022 RP Blue Jays Jordan Romano
25%
2021 SP White Sox Lance Lynn
25%
2021 RP Padres Mark Melancon
25%
2022 SP Rangers Martin Perez
25%
2024 RP Phillies Matt Strahm
25%
2023 SP Tigers Michael Lorenzen
25%
2022 SP Cardinals Miles Mikolas
25%
2021 SP Mets Taijuan Walker
25%
2024 SP Red Sox Tanner Houck
25%
2025 RP Brewers Trevor Megill
25%
2023 RP Orioles Yennier Cano
25%
2025 RP Padres Adrian Morejon
17%
2021 RP Cardinals Alex Reyes
17%
2023 SP Braves Bryce Elder
17%
2025 RP Royals Carlos Estevez
17%
2023 RP Angels Carlos Estevez
17%
2021 SP Athletics Chris Bassitt
17%
2022 RP Tigers Gregory Soto
17%
2021 RP Tigers Gregory Soto
17%
2024 RP Nationals Kyle Finnegan
17%
2021 SP Rangers Kyle Gibson
17%
2022 RP White Sox Liam Hendriks
17%
2021 RP White Sox Liam Hendriks
17%
2023 SP Pirates Mitch Keller
17%
2022 SP Yankees Nestor Cortes
17%
2021 RP Astros Ryan Pressly
17%
2022 SP Dodgers Tony Gonsolin
17%
2022 RP D-Backs Joe Mantiply
8%
2021 RP Red Sox Matt Barnes
8%
2022 SP Athletics Paul Blackburn
8%
2021 RP Rays Andrew Kittredge
0%
No matching quizzes found
Score Distribution
Percent of People with Each Score
Percentile by Number Answered
Your Score History
You have not taken this quiz since the last reset